Fashion Design Referenced : A Visual Guide to the History, Language, and Practice of Fashion /

Guardado en:
Detalles Bibliográficos
Autor principal: Kennedy, Alicia (autor)
Otros autores: Stoehrer, Emily Banis (autor) (autor), Calderin, Jay (colaboración) (colaboración)
Formato: Libro
Idioma:Inglés
Publicado: Beverly, EUA : Rockport, 2013, c2013
Temas:
Etiquetas: Agrega una etiqueta

MARC

LEADER 00000nam^a2200000^a^4500
001 000334453
005 20250521000000.0
009 20260310114201.95
020 |a 978-1-59253-677-1 
037 |a Acervo ITESO - Biblioteca 
041 |a ING 
082 |a 746. 92  |b KEN 
100 |a Kennedy, Alicia  |e (autor) 
245 1 0 |a Fashion Design Referenced :  |b A Visual Guide to the History, Language, and Practice of Fashion /  |c A. Kennedy, E.B. Stoehrer ; colaboración de J. Calderin. 
264 4 |a Beverly, EUA :  |b Rockport,  |c 2013, c2013 
300 |a 191 p. 
336 |a texto  |b txt  |2 rdacontenido 
337 |a sin mediación  |b n  |2 rdamedio 
338 |a volumen  |b nc  |2 rdasoporte 
649 |a XX 
650 |a Industria del Vestido 
650 |a Moda -  |x Tema Principal 
650 |a Moda -  |x Historia 
650 |a Diseño de Moda -  |x Tema Principal 
650 |a Diseño de Moda -  |x Historia 
650 |a Diseño de Moda -  |x Teoría 
650 |a Diseño de Moda -  |x Materiales y Equipo 
650 |a Diseño de Moda -  |x Técnica 
650 |a Comunicación Visual 
700 |a Stoehrer, Emily Banis  |e (autor) 
700 |a Calderin, Jay  |e (colaboración) 
910 |a Fondo General 
920 |a Impresos - Libros 
930 |a Reserva Especial 
905 |a 103 
901 |a 0500224125  |b IT1  |c REE  |i C138079  |u 20250521 
902 |a https://opac.biblio.iteso.mx/vufind/Record/000334453